000 00499nam a22001697a 4500
999 _c525252
_d525252
003 NUST
020 _c(Hbk)
038 _aM. Shaban
082 _a891.421
_bQAM
100 _aQamar, Shoukat Ali
_915996
245 _aFajrein shaman payyan/
_cDr. Shoukat Ali Qamar
260 _aLahore :
_bInstitute of Punjabi Language & Culture,
_c2000.
300 _a184 p. ;
880 _6100-01\r
_aڈاکٹر شوکت علی قمر
880 _6245-02\r
_aفجریں شاماں پئیاں /
942 _2ddc
_cBK